Satelliittikuvia #1 - Statistics

Yleistilastot
  • Tätä visaa on pelattu 567 kertaa
  • Keskiarvotulos 13 / 17
Vastaustilastot
Kuvavisa Hint Vastaus % Oikein
valtio Islanti
99%
valtio Italia
99%
valtio Australia
97%
valtio Meksiko
95%
valtio Kypros
90%
meri Mustameri
90%
valtio Madagaskar
89%
valtio Tanska
85%
valtio Kuuba
84%
valtio Filippiinit
78%
meri Punainenmeri
74%
vuoristo Himalaja
70%
Yhdysvaltain osavaltio Michigan
69%
meri Karibianmeri
68%
Yhdysvaltain osavaltio Washington
67%
niemimaa Kalifornian niemimaa
58%
kaupunkialue San Francisco
24%
Ehtoja vastaavia visoja ei löytynyt
Tulosjakauma
Jokaisen tuloksen saaneiden osuus
Persentiili vastausten määrän mukaan
Tuloshistoriasi
Et ole pelannut tätä visaa